Syntax: a functional typological introduction
Enregistré dans:
| Auteur principal: | |
|---|---|
| Format: | Livre |
| Langue: | anglais |
| Publié: |
Filadelfia
John Benjamin
1984
|
| Sujets: | |
| Tags: |
Ajouter un tag
Pas de tags, Soyez le premier à ajouter un tag!
|
MARC
| LEADER | 00000nam a2200000 a 4500 | ||
|---|---|---|---|
| 001 | UCX4284 | ||
| 003 | CL-VaPUC | ||
| 008 | 920408e19840000US |||||||||||||||||eng|d | ||
| 082 | 0 | 4 | |a 415 |b GIV |2 21 |
| 100 | |a Givon, Thomas |e author |9 504100 | ||
| 245 | 1 | 0 | |a Syntax: a functional typological introduction |
| 300 | |a 2 v | ||
| 942 | |c BK | ||
| 945 | |d 19920408 00:00:00 | ||
| 260 | |a Filadelfia |b John Benjamin |c 1984 | ||
| 650 | 7 | |a GRAMATICA COMPARATIVA Y GENERAL SINTAXIS |2 CL-VaPUC |9 320422 | |
| 650 | 7 | |a FUNCIONALISMO LINGUISTICA |2 CL-VaPUC |9 316670 | |
| 650 | 7 | |a TIPOLOGIA LINGUISTICA |2 CL-VaPUC |9 320423 | |
| 583 | |a last modification |c 19920408 00:00:00 |k Rodrigo Vera | ||
| 999 | |c 224788 |d 224786 | ||
| 952 | |0 0 |1 0 |4 0 |6 415_000000000000000_GIV_1984 |7 0 |8 A |9 221752 |a FDOPOS |b FDOPOS |d 2019-11-15 |h v.1 |i 2906023 |o 415 GIV 1984 |p 2906023 |r 2025-01-22 |w 2019-11-15 |y BK |k MLA | ||
| 952 | |0 0 |1 0 |4 0 |6 415_000000000000000_GIV_1984 |7 0 |8 A |9 221753 |a FDOPOS |b FDOPOS |d 2019-11-15 |h v.2 |i 2906031 |o 415 GIV 1984 |p 2906031 |r 2025-01-22 |w 2019-11-15 |y BK |k MLA | ||